Häufigste Nachnamen in Österreich - Statistiken

Allgemein
  • Dieses Quiz wurde 1.224 mal gespielt
  • Das Durchschnittsergebnis liegt bei 14 aus 50
Antwortstatistiken
Nr. Buchstabe Nachname % Korrekt
17 M Maier
79%
46 M Mair
79%
8 M Mayer
79%
22 M Mayr
79%
4 M Müller
77%
1 G Gruber
71%
2 H Huber
62%
12 B Bauer
55%
14 S Schmid
55%
24 S Schmidt
55%
9 B Berger
38%
15 W Weber
34%
23 F Fischer
33%
3 W Wagner
33%
10 H Hofer
32%
19 S Schneider
31%
18 S Schwarz
29%
43 W Weiss
25%
32 W Wolf
22%
36 L Lang
19%
7 S Steiner
19%
48 M Maurer
18%
5 P Pichler
17%
6 M Moser
16%
35 S Schuster
16%
16 F Fuchs
15%
30 A Auer
14%
21 L Leitner
14%
29 W Wallner
14%
50 W Winter
14%
34 E Ebner
13%
11 E Eder
13%
26 E Egger
13%
20 R Reiter
13%
25 W Wimmer
13%
31 A Aigner
12%
27 B Baumgartner
12%
38 H Haas
12%
37 L Lechner
12%
13 W Winkler
12%
28 B Brunner
11%
39 W Wieser
11%
44 H Holzer
10%
49 L Lehner
10%
33 B Binder
9%
42 H Haider
9%
45 K Koller
8%
41 S Stadler
7%
47 R Riegler
6%
40 S Strasser
6%
Keine übereinstimmenden Quizze gefunden
Verteilung der Resultate
Anzahl Personen mit jedem Resultat
Perzentil nach korrekt beantworteten Fragen
Ihre Resultats-Entwicklung
Sie haben dieses Quiz noch nicht gespielt